Comunicación interpersonal
Saved in:
| Hovedforfatter: | |
|---|---|
| Format: | Bog |
| Sprog: | spansk |
| Udgivet: |
Santiago
Universidad Católica de Chile
1991
|
| Udgivelse: | 2a. ed |
| Serier: | Lecciones
|
| Fag: | |
| Tags: |
Tilføj Tag
Ingen Tags, Vær først til at tagge denne postø!
|
MARC
| LEADER | 00000nam a2200000 a 4500 | ||
|---|---|---|---|
| 001 | UCY5435 | ||
| 003 | CL-VaPUC | ||
| 008 | 950508e19910000CL |||||||||||||||||spa|d | ||
| 082 | 0 | 4 | |a 302.14 |b HID |2 21 |
| 100 | |a Hidalgo Carmona, Carmen Gloria |e author |9 334199 | ||
| 245 | 1 | 0 | |a Comunicación interpersonal |
| 246 | 1 | 0 | |a Programa en entrenamiento en habilidades sociales |
| 250 | |a 2a. ed | ||
| 300 | |a 223 p | ||
| 942 | |c BK | ||
| 945 | |d 19950508 00:00:00 |a rbrito | ||
| 260 | |a Santiago |b Universidad Católica de Chile |c 1991 | ||
| 650 | 7 | |a ENTRENAMIENTO EN HABILIDADES SOCIALES |2 CL-VaPUC |9 326242 | |
| 650 | 0 | |a Relaciones humanas |9 307340 | |
| 650 | 0 | |a Relaciones interpersonales |9 307056 | |
| 650 | 0 | |a Comportamiento social |9 334200 | |
| 583 | |a last modification |c 19950508 00:00:00 |k Rodrigo Vera | ||
| 490 | 0 | |a Lecciones | |
| 999 | |c 233097 |d 233095 | ||
| 952 | |0 0 |1 0 |4 0 |6 302_140000000000000_HID_1991 |7 0 |8 A |9 238265 |a BIBEDU |b BIBEDU |d 2019-11-18 |i 3082040 |o 302.14 HID 1991 |p 3082040 |r 2019-11-18 |w 2019-11-18 |y BK |k PSI | ||
| 952 | |0 0 |1 0 |4 0 |6 302_140000000000000_HID_1991 |7 0 |8 A |9 238266 |a BIBEDU |b BIBEDU |d 2019-11-18 |i 3082059 |o 302.14 HID 1991 |p 3082059 |r 2019-11-18 |w 2019-11-18 |y BK |k PSI | ||